01438nam a2200229 a 450000100060000000300080000600500170001400800390003103500190007004000330008904100080012208200290013010000230015924508190018225000240100126000460102530000360107150400200110765000210112765000320114870000280118046477BD-RjUL20211209054146.0140106s1958 ii a b 001 0 eng a(BD-RjUL)46595 aDLCcCarPdDLCdBD-RjULbeng aeng04223a343.520954bRUL 19731 aRust, Philip John.10aLaw & practice of hurt & homicide : bbeing a complete, self-contained and explanatory treatise on rioting, dacoity, homicide, murder with an analogous law of foreign countries, asault with intent to kill, hurt and greivous hurt, human loss or injuries through automobile or other accidents, excusable or justificable homicide, indictment or information, presumption or burden of proof, admissibility in general, dying declaration, confessions, proceedings at inquest, weight and sufficiency, conduct of trials, questions for court or jury, instructions and general aspects, verdict, new trials, sentence and punishment, private defence, extradition, post mortem connecting legal problems and medical practices, and latest developments in the methods of investigation, etc., etc. /cPhilip John Rust; K Venkoba Rao a3rd rev. & enl. ed. aAllahabad : bLaw Book Company., c1973. axxii, 760 p. :bill. ; c26 cm. aIncludes index. 0aHomicidezIndia. 0aAssault and batteryzIndia.2 aRao, K Venkoba (editor)